[Event "Sparkassen-Open A"]
[Site "Heusenstamm, Martinsee"]
[Date "2021.11.21"]
[Round "6.13"]
[White "Kleibel, Uwe"]
[Black "Klundt, Klaus"]
[Result "1-0"]
[WhiteElo "2149"]
[BlackElo "2307"]
[PlyCount "63"]
[EventDate "2021.??.??"]
[WhiteTeam "SC Bavaria Regensburg von 1881"]
[BlackTeam "SC Heusenstamm"]

{[%evp 0,15,17,15,15,2,2,2,12,2,19,15,26,29,59,40,35,32]} 1. d4 d5 2. c4 e6 {
[%emt 0:00:06]} 3. Nf3 {[%emt 0:00:08]} Nf6 {[%emt 0:00:08]} 4. Nc3 {[%emt 0:
00:04]} Be7 {[%emt 0:00:10]} 5. Bf4 {[%emt 0:00:07]} O-O {[%emt 0:00:11]} 6. e3
{[%emt 0:00:17]} b6 {[%emt 0:00:08]} 7. Bd3 {[%emt 0:00:37]} dxc4 {[%emt 0:01:
08]} 8. Bxc4 {[%emt 0:00:07]} Bb7 9. O-O {[%emt 0:01:11]} c5 {[%emt 0:01:00]}
10. dxc5 {[%emt 0:02:58]} Bxc5 {[%emt 0:01:06]} 11. Qe2 {[%emt 0:00:59]} Nbd7 {
[%emt 0:03:54]} 12. Rfd1 {[%emt 0:03:59]} Qe7 {[%emt 0:00:56]} 13. a3 {[%emt 0:
06:29]} e5 {[%emt 0:02:53]} 14. Bg5 {[%emt 0:03:43]} h6 {[%emt 0:03:58]} 15.
Rxd7 {[%emt 0:16:32]} Qxd7 {[%emt 0:00:31]} 16. Bxf6 {[%emt 0:02:03]} gxf6 17.
Nh4 {[%emt 0:00:15]} Rfd8 {[%emt 0:04:33]} 18. Qh5 {[%emt 0:08:09]} Bf8 {
[%emt 0:00:46]} 19. Qg6+ {[%emt 0:09:01]} Kh8 {[%emt 0:01:14]} 20. Bxf7 {
[%emt 0:00:04]} Bg7 {[%emt 0:00:58]} 21. Nf5 {[%emt 0:00:15]} Rg8 {[%emt 0:00:
40]} 22. Nxh6 {[%emt 0:08:55]} Rgf8 {[%emt 0:01:29]} 23. Qh5 {[%emt 0:01:50]}
Rxf7 {[%emt 0:01:41]} 24. Nxf7+ {[%emt 0:03:45]} Kg8 25. Nh6+ {[%emt 0:00:03]}
Bxh6 {[%emt 0:03:48]} 26. Qxh6 Qg4 {[%emt 0:00:15]} 27. e4 {[%emt 0:01:02]}
Bxe4 {[%emt 0:01:53]} 28. Nxe4 {[%emt 0:00:21]} Qxe4 29. Qxf6 {[%emt 0:00:14]}
Rf8 {[%emt 0:00:22]} 30. Qg5+ {[%emt 0:01:19]} Kh7 31. Qd2 {[%emt 0:03:12]} Rg8
{[%emt 0:00:41]} 32. g3 {[%emt 0:00:12]} 1-0

[Event "Sparkassen-Open A"]
[Site "Heusenstamm, Martinsee"]
[Date "2021.11.21"]
[Round "6.14"]
[White "Baltic, Fatih"]
[Black "Lohr, Matthias"]
[Result "0-1"]
[WhiteElo "2303"]
[BlackElo "2063"]
[PlyCount "100"]
[EventDate "2021.??.??"]
[WhiteTeam "SV Mülheim-Nord"]
[BlackTeam "TSV Schott Mainz"]

{[%evp 0,19,17,15,15,-6,-6,-12,34,-22,-14,-19,-15,-13,26,16,18,10,13,14,7,6]} 
1. Nf3 {[%emt 0:32:02]} Nf6 {[%emt 0:01:10]} 2. g3 {[%emt 0:00:17]} d5 {
[%emt 0:02:12]} 3. Bg2 {[%emt 0:00:06]} g6 {[%emt 0:00:15]} 4. b3 {[%emt 0:00:
05]} Bg7 {[%emt 0:00:11]} 5. Bb2 {[%emt 0:00:11]} O-O {[%emt 0:00:26]} 6. O-O {
[%emt 0:03:14]} b6 {[%emt 0:08:15]} 7. c4 {[%emt 0:00:36]} e6 {[%emt 0:00:17]}
8. cxd5 {[%emt 0:09:15]} exd5 9. d4 {[%emt 0:00:31]} Bb7 {[%emt 0:04:33]} 10.
Nc3 {[%emt 0:03:47]} Nbd7 {[%emt 0:01:33]} 11. Rc1 {[%emt 0:03:26]} Ne4 {
[%emt 0:02:54]} 12. e3 {[%emt 0:01:25]} Nxc3 {[%emt 0:05:09]} 13. Bxc3 {
[%emt 0:01:56]} Qe7 {[%emt 0:04:05]} 14. Rc2 {[%emt 0:11:45]} Rac8 {[%emt 0:03:
26]} 15. Ba1 {[%emt 0:01:35]} Ba6 {[%emt 0:09:57]} 16. Re1 {[%emt 0:00:37]} c6
{[%emt 0:00:57]} 17. Qc1 {[%emt 0:02:38]} Qd6 {[%emt 0:00:26]} 18. Rd1 {
[%emt 0:00:15]} Rfd8 {[%emt 0:00:50]} 19. Bb2 {[%emt 0:03:32]} h6 {[%emt 0:00:
30]} 20. Ba3 {[%emt 0:08:32]} Qe6 {[%emt 0:00:35]} 21. Ne1 {[%emt 0:04:29]} g5
{[%emt 0:04:41]} 22. Nd3 {[%emt 0:01:10]} Qg6 {[%emt 0:01:28]} 23. Qd2 {
[%emt 0:04:40]} Qe6 {[%emt 0:06:54]} 24. Rdc1 {[%emt 0:05:13]} Bb7 {[%emt 0:00:
11]} 25. Qd1 {[%emt 0:04:32]} Nf6 {[%emt 0:05:39]} 26. h3 {[%emt 0:04:00]} Ne4
{[%emt 0:00:34]} 27. Qg4 {[%emt 0:00:31]} f5 {[%emt 0:02:26]} 28. Qf3 {[%emt 0:
01:43]} Rd7 {[%emt 0:06:15]} 29. Ne5 {[%emt 0:02:50]} Bxe5 {[%emt 0:05:15]} 30.
dxe5 {[%emt 0:00:11]} Qxe5 {[%emt 0:00:28]} 31. Bb2 {[%emt 0:04:54]} Qe6 {
[%emt 0:00:18]} 32. h4 {[%emt 0:00:13]} gxh4 {[%emt 0:03:31]} 33. gxh4 {
[%emt 0:00:36]} Kh7 {[%emt 0:00:14]} 34. Kh1 {[%emt 0:02:05]} c5 {[%emt 0:02:
32]} 35. Qf4 {[%emt 0:01:29]} Rg8 {[%emt 0:06:43]} 36. Bf3 {[%emt 0:03:50]} d4
{[%emt 0:01:37]} 37. exd4 {[%emt 0:01:13]} cxd4 {[%emt 0:01:22]} 38. Kh2 {
[%emt 0:01:08]} Nc5 {[%emt 0:04:47]} 39. Bxb7 {[%emt 0:00:54]} Rg4 {[%emt 0:00:
34]} 40. Qf3 {[%emt 0:00:43]} Rdg7 {[%emt 0:01:18]} 41. Qh3 {[%emt 0:01:47]}
Qe5+ {[%emt 0:01:37]} 42. Kh1 {[%emt 0:00:58]} Nxb7 {[%emt 0:04:44]} 43. f3 {
[%emt 0:07:04]} Rg3 {[%emt 0:05:36]} 44. Qh2 {[%emt 0:01:43]} Nc5 {[%emt 0:00:
15]} 45. Rf1 {[%emt 0:01:59]} f4 {[%emt 0:01:21]} 46. Rd2 {[%emt 0:02:34]} Ne6
{[%emt 0:00:23]} 47. Re2 {[%emt 0:02:01]} Qf5 {[%emt 0:01:54]} 48. Rfe1 {
[%emt 0:00:06]} Rh3 {[%emt 0:01:48]} 49. Rxe6 {[%emt 0:00:14]} Rxh2+ {[%emt 0:
00:10]} 50. Kxh2 {[%emt 0:00:05]} Qh5 {[%emt 0:00:24]} 0-1

[Event "Sparkassen-Open A"]
[Site "Heusenstamm, Martinsee"]
[Date "2021.11.21"]
[Round "6.15"]
[White "Gebhardt, Ulrich"]
[Black "Hahn, Markus"]
[Result "0-1"]
[WhiteElo "2093"]
[BlackElo "2264"]
[PlyCount "76"]
[EventDate "2021.??.??"]
[WhiteTeam "SK Ettlingen"]
[BlackTeam "SVG Caissa Kassel"]

{[%evp 0,15,17,15,29,19,19,24,35,31,54,29,30,19,31,31,31,49]} 1. d4 {[%emt 0:
00:14]} e6 {[%emt 0:00:17]} 2. Nf3 {[%emt 0:00:20]} Nf6 {[%emt 0:04:26]} 3. c4
{[%emt 0:00:24]} Bb4+ {[%emt 0:00:23]} 4. Bd2 {[%emt 0:00:40]} Qe7 {[%emt 0:00:
13]} 5. g3 Nc6 {[%emt 0:01:02]} 6. Bg2 {[%emt 0:00:21]} Bxd2+ {[%emt 0:00:19]}
7. Nbxd2 {[%emt 0:00:13]} O-O {[%emt 0:01:57]} 8. O-O {[%emt 0:00:08]} d6 {
[%emt 0:00:11]} 9. e4 {[%emt 0:00:25]} e5 {[%emt 0:00:24]} 10. d5 {[%emt 0:00:
43]} Nb8 {[%emt 0:00:04]} 11. Ne1 {[%emt 0:04:12]} a5 {[%emt 0:06:42]} 12. Nd3
{[%emt 0:00:12]} Bg4 {[%emt 0:02:55]} 13. f3 {[%emt 0:01:52]} Bd7 {[%emt 0:00:
24]} 14. f4 {[%emt 0:05:31]} Na6 {[%emt 0:21:06]} 15. f5 {[%emt 0:11:34]} c6 {
[%emt 0:12:49]} 16. Qf3 {[%emt 0:16:29]} cxd5 {[%emt 0:13:37]} 17. cxd5 {
[%emt 0:02:06]} Bb5 {[%emt 0:01:42]} 18. Rfc1 {[%emt 0:02:19]} Rfc8 {[%emt 0:
16:13]} 19. a3 {[%emt 0:06:01]} Qd8 {[%emt 0:09:16]} 20. Bf1 {[%emt 0:02:48]}
Bxd3 {[%emt 0:01:58]} 21. Bxd3 Qb6+ {[%emt 0:01:02]} 22. Qf2 {[%emt 0:02:33]}
Rxc1+ {[%emt 0:00:44]} 23. Rxc1 {[%emt 0:00:50]} Qxb2 {[%emt 0:00:10]} 24. Rb1
{[%emt 0:00:10]} Qxa3 {[%emt 0:00:35]} 25. Bxa6 {[%emt 0:01:15]} Rxa6 {[%emt 0:
00:19]} 26. Rxb7 {[%emt 0:00:32]} h6 {[%emt 0:01:00]} 27. Kg2 {[%emt 0:04:47]}
Qd3 {[%emt 0:01:29]} 28. Rb3 {[%emt 0:02:39]} Qc2 {[%emt 0:00:07]} 29. Rb8+ {
[%emt 0:05:15]} Kh7 {[%emt 0:00:39]} 30. Qe2 {[%emt 0:00:08]} Ra7 {[%emt 0:01:
39]} 31. Kh3 {[%emt 0:00:58]} a4 {[%emt 0:00:56]} 32. Qe3 {[%emt 0:02:02]} Qc7
{[%emt 0:01:04]} 33. Rc8 {[%emt 0:00:33]} Qxc8 {[%emt 0:01:40]} 34. Qxa7 Qd7 {
[%emt 0:00:20]} 35. Qa6 {[%emt 0:01:06]} Nxe4 {[%emt 0:00:29]} 36. Nxe4 {
[%emt 0:02:02]} Qxf5+ {[%emt 0:00:11]} 37. g4 {[%emt 0:00:08]} Qxe4 {[%emt 0:
00:23]} 38. Qxd6 {[%emt 0:00:35]} Qf3+ {[%emt 0:00:03]} 0-1

[Event "Sparkassen-Open A"]
[Site "Heusenstamm, Martinsee"]
[Date "2021.11.21"]
[Round "6.16"]
[White "Kersten, Uwe"]
[Black "Schmidt, Markus"]
[Result "1-0"]
[WhiteElo "2254"]
[BlackElo "2089"]
[PlyCount "115"]
[EventDate "2021.??.??"]
[WhiteTeam "Sfr. Bad Emstal/Wolfhagen"]
[BlackTeam "SK Niederbrechen"]

{[%evp 0,9,17,17,53,82,64,42,64,62,35,32]} 1. e4 {[%emt 0:00:44]} Nf6 {[%emt 0:
04:13]} 2. e5 {[%emt 0:03:23]} Nd5 {[%emt 0:01:02]} 3. d4 {[%emt 0:00:26]} d6
4. Nf3 dxe5 {[%emt 0:00:15]} 5. Nxe5 {[%emt 0:00:08]} c6 {[%emt 0:00:11]} 6. c3
{[%emt 0:09:05]} Nd7 {[%emt 0:00:55]} 7. Nf3 {[%emt 0:00:41]} N7f6 {[%emt 0:01:
47]} 8. Bd3 {[%emt 0:00:49]} Bg4 {[%emt 0:00:20]} 9. O-O {[%emt 0:01:02]} e6 {
[%emt 0:00:14]} 10. Re1 {[%emt 0:00:16]} Be7 {[%emt 0:02:40]} 11. Nbd2 {
[%emt 0:00:33]} O-O {[%emt 0:03:28]} 12. Nf1 {[%emt 0:04:20]} c5 {[%emt 0:04:
03]} 13. dxc5 {[%emt 0:04:56]} Bxc5 {[%emt 0:01:30]} 14. h3 {[%emt 0:01:39]}
Bh5 {[%emt 0:09:35]} 15. Ng3 {[%emt 0:01:03]} Bg6 {[%emt 0:05:07]} 16. Bxg6 {
[%emt 0:01:31]} hxg6 {[%emt 0:00:41]} 17. Qe2 {[%emt 0:00:42]} Qc7 {[%emt 0:05:
25]} 18. Ne4 {[%emt 0:00:37]} Nxe4 {[%emt 0:00:30]} 19. Qxe4 Qb6 {[%emt 0:11:
01]} 20. Qe2 {[%emt 0:06:50]} Rad8 {[%emt 0:08:50]} 21. a3 {[%emt 0:03:49]} Qc7
{[%emt 0:03:21]} 22. Ne5 {[%emt 0:10:45]} Bd6 {[%emt 0:03:13]} 23. Nf3 {
[%emt 0:07:36]} Rd7 {[%emt 0:10:04]} 24. g3 Rfd8 {[%emt 0:19:08]} 25. Kg2 Nf6 {
[%emt 0:04:10]} 26. Bg5 a6 {[%emt 0:03:38]} 27. Rad1 b5 {[%emt 0:04:16]} 28.
Rd4 Bc5 29. Rf4 {[%emt 0:14:46]} Be7 30. Rh4 {[%emt 0:01:13]} Rd5 {[%emt 0:05:
26]} 31. Kg1 {[%emt 0:02:39]} Qb7 {[%emt 0:01:11]} 32. Ne5 {[%emt 0:01:07]} Bd6
{[%emt 0:00:30]} 33. Nxg6 fxg6 {[%emt 0:02:20]} 34. Qxe6+ Qf7 {[%emt 0:02:50]}
35. Rh8+ Kxh8 {[%emt 0:00:25]} 36. Qxf7 Rxg5 {[%emt 0:00:15]} 37. Rd1 Rf8 {
[%emt 0:02:28]} 38. Qb7 Bb8 {[%emt 0:05:22]} 39. Qe7 {[%emt 0:01:04]} Rg8 {
[%emt 0:00:59]} 40. Rd8 {[%emt 0:01:08]} Re5 {[%emt 0:00:31]} 41. Rxg8+ {
[%emt 0:01:48]} Kxg8 {[%emt 0:03:17]} 42. Qb7 Bd6 {[%emt 0:05:26]} 43. Qxa6 Rd5
{[%emt 0:06:08]} 44. c4 bxc4 {[%emt 0:06:31]} 45. Qxc4 Kh7 {[%emt 0:00:37]} 46.
b4 Re5 {[%emt 0:08:51]} 47. Kg2 Re4 {[%emt 0:08:07]} 48. Qb3 Be5 49. a4 Bd6 50.
b5 Rb4 51. Qc2 Ne4 52. b6 Nc5 53. a5 Rb5 54. h4 {[%emt 0:27:55]} Rxa5 {[%emt 0:
00:30]} 55. h5 {[%emt 0:00:19]} Bf8 {[%emt 0:00:51]} 56. hxg6+ {[%emt 0:00:53]}
Kh8 {[%emt 0:00:46]} 57. Qf5 {[%emt 0:00:35]} Bd6 {[%emt 0:00:36]} 58. Qc8+ {
[%emt 0:00:22]} 1-0

[Event "Sparkassen-Open A"]
[Site "Heusenstamm, Martinsee"]
[Date "2021.11.21"]
[Round "6.17"]
[White "Stork, Christopher"]
[Black "Sieber, Fiona"]
[Result "0-1"]
[WhiteElo "1959"]
[BlackElo "2207"]
[PlyCount "126"]
[EventDate "2021.??.??"]
[WhiteTeam "SV Oberursel"]
[BlackTeam "SG Aufbau Elbe Magdeburg"]

1. e4 c5 2. Nf3 d6 3. d4 cxd4 4. Nxd4 Nf6 5. Nc3 Nc6 6. Nb3 g6 7. Be2 Bg7 8.
O-O O-O 9. Be3 a6 10. f4 Bd7 11. Bf3 Rc8 12. Qd2 Ng4 13. Bxg4 Bxg4 14. h3 Be6
15. f5 Bc4 16. Rf2 Qc7 17. Bh6 a5 18. Bxg7 Kxg7 19. Nd4 Nxd4 20. Qxd4+ f6 21.
Re1 Qc5 22. Qd2 Rf7 23. Re3 Qe5 24. b3 Bb5 25. Nd5 Rc5 26. c4 Bd7 27. a4 Rf8
28. h4 Rg8 29. Nf4 Rcc8 30. Nd5 Rc5 31. Re1 Kf7 32. Qh6 Bxf5 33. exf5 Qxe1+ 34.
Rf1 Qe4 35. Rf4 Qd3 36. Rf3 Qd1+ 37. Kh2 gxf5 38. Qxh7+ Rg7 39. Qh5+ Kf8 40.
Qh8+ Rg8 41. Qh6+ Kf7 42. Qh5+ Kf8 43. Nxe7 Rxg2+ 44. Kxg2 Qe2+ 45. Kh3 Kxe7
46. Qh7+ Ke6 47. Rg3 Re5 48. Qg8+ Kd7 49. Rg7+ Re7 50. Rxe7+ Qxe7 51. Qg2 Qe3+
52. Kh2 Qe4 53. Qg7+ Ke6 54. Qg8+ Ke5 55. Qg3+ f4 56. Qc3+ Ke6 57. Qh3+ f5 58.
Qg2 Kf7 59. Qf2 f3 60. h5 Qg4 61. h6 Kg6 62. Qb2 Qh4+ 63. Kg1 Qe1+ 0-1

[Event "Sparkassen-Open A"]
[Site "Heusenstamm, Martinsee"]
[Date "2021.11.21"]
[Round "6.18"]
[White "Asadzade, Idris"]
[Black "Kempe, Caius Emilian"]
[Result "1-0"]
[WhiteElo "2228"]
[BlackElo "1975"]
[PlyCount "43"]
[EventDate "2021.??.??"]
[WhiteTeam "SG Solingen"]
[BlackTeam "USV TU Dresden"]

1. c4 e5 2. g3 Nf6 3. Bg2 d5 4. cxd5 Nxd5 5. Nf3 Nc6 6. O-O Bc5 7. Nxe5 Nxe5 8.
d4 Bb6 9. dxe5 Be6 10. Nd2 O-O 11. a3 c6 12. Qc2 Bc7 13. Nf3 Re8 14. Ng5 g6 15.
Nxe6 Rxe6 16. e4 Ne7 17. Rd1 Qb8 18. f4 Bb6+ 19. Kh1 c5 20. f5 Rc6 21. f6 Nc8
22. Bd2 1-0

[Event "Sparkassen-Open A"]
[Site "Heusenstamm, Martinsee"]
[Date "2021.11.21"]
[Round "6.19"]
[White "Poysti, Nathanael"]
[Black "Bashylina, Luisa"]
[Result "1-0"]
[WhiteElo "2192"]
[BlackElo "1916"]
[PlyCount "59"]
[EventDate "2021.??.??"]
[WhiteTeam "Wien"]
[BlackTeam "SG Solingen"]

1. e4 c5 2. c4 e5 3. Nc3 Nc6 4. g3 g6 5. Bg2 Bg7 6. Nge2 Nge7 7. d3 d6 8. O-O
O-O 9. a3 Be6 10. Rb1 f5 11. Nd5 Bxd5 12. cxd5 Nd4 13. Nxd4 cxd4 14. Qb3 Qd7
15. f4 Kh8 16. Bd2 Rac8 17. Rbc1 Rxc1 18. Rxc1 fxe4 19. dxe4 Bh6 20. Rf1 Nc8
21. Qd3 Bg7 22. f5 Ne7 23. g4 b6 24. h4 a5 25. Kh2 a4 26. g5 gxf5 27. exf5 Nxf5
28. Bh3 e4 29. Qxe4 Be5+ 30. Kg2 1-0

[Event "Sparkassen-Open A"]
[Site "Heusenstamm, Martinsee"]
[Date "2021.11.21"]
[Round "6.20"]
[White "Foerster-Yialamas, Lucas"]
[Black "Kather, Yannick"]
[Result "0-1"]
[WhiteElo "2002"]
[BlackElo "2147"]
[PlyCount "72"]
[EventDate "2021.??.??"]
[WhiteTeam "Frankfurter TV"]
[BlackTeam "SW Lichtenrade"]

1. e4 c5 2. Nf3 Nc6 3. d4 cxd4 4. Nxd4 g6 5. c4 Nf6 6. Nc3 d6 7. Be2 Nxd4 8.
Qxd4 Bg7 9. Be3 O-O 10. Qd2 a5 11. f3 a4 12. O-O Qa5 13. Rfd1 Be6 14. Rac1 Rfc8
15. Nd5 Qxd2 16. Rxd2 Bxd5 17. exd5 Nd7 18. Kf2 Nc5 19. Rb1 Na6 20. b4 Bc3 21.
Rc2 Bxb4 22. Rcb2 Bc5 23. Rxb7 Kf8 24. g3 a3 25. f4 f5 26. h3 Bxe3+ 27. Kxe3
Nc5 28. R7b6 Ne4 29. g4 Nc3 30. Rc1 Nxd5+ 31. cxd5 Rxc1 32. gxf5 Rc2 33. fxg6
hxg6 34. f5 Rxa2 35. fxg6 Rxe2+ 36. Kxe2 a2 0-1

[Event "Sparkassen-Open A"]
[Site "Heusenstamm, Martinsee"]
[Date "2021.11.21"]
[Round "6.21"]
[White "Hesse, Uwe"]
[Black "Bakiev, Diyor"]
[Result "1/2-1/2"]
[WhiteElo "2014"]
[BlackElo "2107"]
[PlyCount "76"]
[EventDate "2021.??.??"]
[WhiteTeam "VL Düsseldorf"]
[BlackTeam "Wiesbadener SV"]

1. Nf3 Nf6 2. d3 d5 3. Nbd2 c5 4. e4 e6 5. c3 Nc6 6. Be2 Be7 7. O-O O-O 8. Re1
b5 9. a4 b4 10. c4 dxe4 11. Nxe4 Nxe4 12. dxe4 Bf6 13. Qxd8 Rxd8 14. e5 Be7 15.
Bf4 Bb7 16. Bd1 Nd4 17. Nxd4 Rxd4 18. Be3 Rd7 19. Bc2 Rad8 20. f3 Bc6 21. b3 h6
22. Rad1 Rxd1 23. Rxd1 Rxd1+ 24. Bxd1 g5 25. h4 Kg7 26. hxg5 hxg5 27. Kf2 f5
28. exf6+ Kxf6 29. Kg3 Be8 30. Bc2 Bh5 31. Kf2 Ke5 32. g4 Be8 33. Be4 Bf7 34.
Ke2 Kf6 35. Kd3 Bd6 36. Bh7 Kg7 37. Be4 Kf6 38. Bh7 Kg7 1/2-1/2

[Event "Sparkassen-Open A"]
[Site "Heusenstamm, Martinsee"]
[Date "2021.11.21"]
[Round "6.22"]
[White "Seehaus, Bernhard"]
[Black "Wolf, Ulrich Martin"]
[Result "0-1"]
[WhiteElo "2013"]
[BlackElo "2152"]
[PlyCount "44"]
[EventDate "2021.??.??"]
[WhiteTeam "Schachforum Darmstadt"]
[BlackTeam "SC Hansa Dortmund"]

1. d3 d5 2. c3 Nf6 3. Bg5 c6 4. Nf3 Qc7 5. e3 e5 6. d4 e4 7. Nfd2 Be6 8. Bxf6
gxf6 9. c4 Nd7 10. cxd5 cxd5 11. Nc3 a6 12. Qb3 Qb6 13. Be2 Bd6 14. Qxb6 Nxb6
15. f3 f5 16. f4 Rg8 17. g3 Rc8 18. Kf2 Ke7 19. Rac1 Rc7 20. a3 Rgc8 21. Na2
Na4 22. b4 Rc2 0-1

[Event "Sparkassen-Open A"]
[Site "Heusenstamm, Martinsee"]
[Date "2021.11.21"]
[Round "6.23"]
[White "Ohler, Julius"]
[Black "Gramb, Marius"]
[Result "1-0"]
[WhiteElo "2006"]
[BlackElo "2131"]
[PlyCount "107"]
[EventDate "2021.??.??"]
[WhiteTeam "SC ML Kastellaun"]
[BlackTeam "Brühler SK"]

1. d4 Nf6 2. c4 e6 3. Nc3 Bb4 4. e3 O-O 5. Nge2 c6 6. a3 Ba5 7. Ng3 d5 8. cxd5
exd5 9. Bd3 Re8 10. O-O Nbd7 11. Bd2 Bc7 12. Rc1 Bxg3 13. hxg3 Ne4 14. Nxe4
dxe4 15. Bc4 Nb6 16. Ba5 Be6 17. Qb3 Bxc4 18. Rxc4 Qd5 19. Bxb6 axb6 20. Rfc1
Ra6 21. Rb4 Qxb3 22. Rxb3 Rd8 23. Kf1 Kf8 24. Ke2 Ke7 25. Rh1 h6 26. Rh4 f5 27.
Rf4 Rf8 28. g4 g6 29. gxf5 gxf5 30. g4 Ke6 31. gxf5+ Rxf5 32. Rxe4+ Kd6 33. Rh4
Rf6 34. e4 Kc7 35. e5 Rg6 36. Rbh3 Ra4 37. Ke3 b5 38. Rxh6 Rg4 39. R6h4 Rg1 40.
Rh1 Rg5 41. Rc1 Rxe5+ 42. dxe5 Rxh4 43. Rd1 b4 44. axb4 Rxb4 45. Rd2 Rh4 46. f4
Rh1 47. f5 Re1+ 48. Kf4 c5 49. f6 c4 50. Kf5 b5 51. Ke6 b4 52. Rd4 c3 53. Rxb4
cxb2 54. Rxb2 1-0

[Event "Sparkassen-Open A"]
[Site "Heusenstamm, Martinsee"]
[Date "2021.11.21"]
[Round "6.24"]
[White "Wachsmann, Dietmar"]
[Black "Iliev, Mustafa Batuhan"]
[Result "1/2-1/2"]
[WhiteElo "1983"]
[BlackElo "2089"]
[PlyCount "24"]
[EventDate "2021.??.??"]
[WhiteTeam "SC Groß-Umstadt"]
[BlackTeam "SV Großauheim"]

1. e4 c5 2. Nf3 e6 3. d4 cxd4 4. Nxd4 Nf6 5. Nc3 d6 6. g4 h6 7. Rg1 Nc6 8. Be3
Be7 9. Qf3 Nd7 10. O-O-O a6 11. Qg3 Qc7 12. g5 hxg5 1/2-1/2

[Event "Sparkassen-Open A"]
[Site "Heusenstamm, Martinsee"]
[Date "2021.11.21"]
[Round "6.25"]
[White "Pauls, Wilhelm"]
[Black "Pietzsch, Manuel"]
[Result "0-1"]
[WhiteElo "1993"]
[BlackElo "2137"]
[PlyCount "30"]
[EventDate "2021.??.??"]
[WhiteTeam "SG Kaarst"]
[BlackTeam "SG Leipzig"]

1. e4 c5 2. Nf3 d6 3. d4 cxd4 4. Nxd4 Nf6 5. Nc3 g6 6. Be3 Bg7 7. f3 Nc6 8. Bc4
O-O 9. Qd2 Bd7 10. h4 h5 11. O-O-O Rb8 12. Bh6 Nxd4 13. Bxg7 Kxg7 14. Qxd4 b5
15. Be2 Qb6 0-1

[Event "Sparkassen-Open A"]
[Site "Heusenstamm, Martinsee"]
[Date "2021.11.21"]
[Round "6.26"]
[White "Burkhardt, Holger"]
[Black "Schupp, Tobias"]
[Result "1-0"]
[WhiteElo "1987"]
[BlackElo "2121"]
[PlyCount "47"]
[EventDate "2021.??.??"]
[WhiteTeam "SK Gießen"]
[BlackTeam "SK Niederbrechen"]

1. e4 e5 2. Nf3 Nf6 3. Nxe5 Nc6 4. Nxc6 dxc6 5. d3 Bc5 6. h3 Be6 7. Nc3 Qd7 8.
Qf3 O-O-O 9. Be3 Bb4 10. Bd2 h5 11. g3 Kb8 12. Bg2 h4 13. g4 Nxg4 14. hxg4 Bxg4
15. Qe3 h3 16. Bf3 Bc5 17. Bxg4 Qxg4 18. Qxc5 Rd6 19. Qf5 Qg2 20. O-O-O Rf6 21.
Rdg1 Qxf2 22. Qxf2 Rxf2 23. Be3 Rf3 24. Kd2 1-0

[Event "Sparkassen-Open A"]
[Site "Heusenstamm, Martinsee"]
[Date "2021.11.21"]
[Round "6.27"]
[White "Ochs, Daniel Elias"]
[Black "Spilles, Matthias"]
[Result "1-0"]
[WhiteElo "1966"]
[BlackElo "2088"]
[PlyCount "53"]
[EventDate "2021.??.??"]
[WhiteTeam "Wiesbadener SV"]
[BlackTeam "Brühler SK"]

1. d4 e6 2. c4 Nf6 3. Nf3 Bb4+ 4. Bd2 Bxd2+ 5. Qxd2 d6 6. Nc3 O-O 7. g3 Qe7 8.
Bg2 e5 9. O-O Nc6 10. dxe5 dxe5 11. Nd5 Nxd5 12. cxd5 Rd8 13. e4 Bg4 14. Qc3
Bxf3 15. dxc6 Bg4 16. cxb7 Rab8 17. h3 Bh5 18. g4 Bg6 19. Rad1 Rd6 20. Rd5 f6
21. f4 Rxd5 22. exd5 Qd6 23. fxe5 Qxe5 24. Qxe5 fxe5 25. d6 cxd6 26. Bd5+ Kh8
27. Rc1 1-0

[Event "Sparkassen-Open A"]
[Site "Heusenstamm, Martinsee"]
[Date "2021.11.21"]
[Round "6.29"]
[White "Steudel, Max"]
[Black "Buchholz, Maja"]
[Result "1-0"]
[WhiteElo "2052"]
[BlackElo "1930"]
[PlyCount "111"]
[EventDate "2021.??.??"]
[WhiteTeam "SC Brett vorm Kopp"]
[BlackTeam "SK Langen"]

1. d4 Nf6 2. Nf3 g6 3. Nc3 d5 4. Bf4 Bg7 5. Nb5 Na6 6. e3 O-O 7. Be2 c6 8. Nc3
Nc7 9. O-O Nce8 10. h3 Nd6 11. a4 a5 12. Nb1 b6 13. c3 Ba6 14. Ne5 Qc7 15. Nd2
Nd7 16. Nd3 f6 17. Bh2 e5 18. b4 Nc4 19. bxa5 Nxa5 20. Nb4 Bxe2 21. Qxe2 Qd6
22. Rfb1 c5 23. Nc2 Rfc8 24. Na3 Qe7 25. Qf3 Qe6 26. Nb5 f5 27. Nb3 Nc4 28. Ra2
Nf6 29. Rba1 Ne4 30. Qe2 Bh6 31. Kh1 f4 32. exf4 Bxf4 33. Bxf4 exf4 34. Qf3 Qf5
35. Kg1 h5 36. Qd3 Rf8 37. f3 Ned6 38. Qxf5 Nxf5 39. dxc5 bxc5 40. Nxc5 Rf6 41.
a5 Rc6 42. Nd3 g5 43. a6 Nce3 44. a7 Nh4 45. Nb4 Rc5 46. Ra5 Nc4 47. Nd3 Rcc8
48. Ra6 Kg7 49. Nb4 Ne3 50. Rb6 Nhf5 51. Rb7+ Kf6 52. Nc7 Nd6 53. Nxa8 Nxb7 54.
Nb6 Rxc3 55. a8=Q Nc5 56. N6xd5+ 1-0

[Event "Sparkassen-Open A"]
[Site "Heusenstamm, Martinsee"]
[Date "2021.11.21"]
[Round "6.30"]
[White "Poschadel, Andreas Gregor"]
[Black "Schröder, Jürgen"]
[Result "1/2-1/2"]
[WhiteElo "1906"]
[BlackElo "2054"]
[PlyCount "79"]
[EventDate "2021.??.??"]
[WhiteTeam "Hamelner SV"]
[BlackTeam "SC Matt im Park"]

1. c4 g6 2. g3 Bg7 3. Bg2 d6 4. Nc3 c6 5. Nf3 Nd7 6. O-O Ngf6 7. d4 O-O 8. b3
e5 9. Qc2 exd4 10. Nxd4 Nc5 11. Bf4 Nh5 12. Be3 f5 13. f4 Re8 14. Bf2 Nf6 15.
Nf3 Nfe4 16. Bd4 Be6 17. Bxg7 Kxg7 18. Nd4 Nf6 19. Rfe1 Qb6 20. Rad1 Rad8 21.
h3 Bf7 22. e3 d5 23. cxd5 Nxd5 24. Qb2 Kg8 25. Nxd5 Bxd5 26. g4 fxg4 27. hxg4
Bxg2 28. Qxg2 Ne4 29. f5 Qc5 30. Qf3 Qe5 31. Ne6 Rd5 32. Rd4 Ng5 33. Nxg5 Rxd4
34. Qh3 Qe7 35. f6 Qxf6 36. Qxh7+ Kf8 37. Qh6+ Kg8 38. Qh7+ Kf8 39. Qh6+ Kg8
40. Qh7+ 1/2-1/2

[Event "Sparkassen-Open A"]
[Site "Heusenstamm, Martinsee"]
[Date "2021.11.21"]
[Round "6.31"]
[White "Papadopoulos, Ioannis"]
[Black "Speck, Stefan"]
[Result "1-0"]
[WhiteElo "2005"]
[BlackElo "1928"]
[PlyCount "121"]
[EventDate "2021.??.??"]
[WhiteTeam "SV Oberursel"]
[BlackTeam "SG Solingen"]

1. e4 c5 2. Nf3 e6 3. d4 cxd4 4. Nxd4 Nc6 5. Nc3 Qc7 6. Qd3 a6 7. Nxc6 Qxc6 8.
g3 h5 9. h3 Qd6 10. Qe2 Qb4 11. Bg2 Ne7 12. O-O Nc6 13. a3 Qa5 14. Bf4 d6 15.
Rad1 Ne5 16. Be3 b5 17. f4 Nc4 18. e5 Nxe3 19. Qxe3 Rb8 20. Bc6+ Bd7 21. Bxd7+
Kxd7 22. Qa7+ Qc7 23. Qxa6 Qc5+ 24. Kg2 h4 25. exd6 hxg3 26. f5 exf5 27. Rd5
Qc6 28. Qa7+ Rb7 29. Qa8 g6 30. Re1 Qc8 31. Qxc8+ Kxc8 32. Nxb5 Kd7 33. Kxg3
Rh5 34. Kg2 Rg5+ 35. Kf2 Rh5 36. Re3 f4 37. Ree5 Rxh3 38. Kg2 Rg3+ 39. Kf2 Rh3
40. Re2 f6 41. b4 g5 42. Rf5 g4 43. c4 Rh2+ 44. Ke1 Rxe2+ 45. Kxe2 f3+ 46. Kf2
Ke6 47. Rd5 Rh7 48. Kg3 Kd7 49. Kxg4 f2 50. Rf5 Rg7+ 51. Kh3 Bxd6 52. Nxd6 Kxd6
53. Rxf6+ Ke5 54. Rxf2 Kd4 55. Rf4+ Ke5 56. Rg4 Rh7+ 57. Kg2 Rd7 58. Kf2 Rd2+
59. Ke3 Ra2 60. Rg5+ Kd6 61. Ra5 1-0

[Event "Sparkassen-Open A"]
[Site "Heusenstamm, Martinsee"]
[Date "2021.11.21"]
[Round "6.32"]
[White "Haack, Kevin"]
[Black "Rose, Daniel"]
[Result "1-0"]
[WhiteElo "2100"]
[BlackElo "1842"]
[PlyCount "77"]
[EventDate "2021.??.??"]
[WhiteTeam "SV Hofheim"]
[BlackTeam "Königsjäger Süd-West"]

1. c4 c5 2. Nc3 Nf6 3. e4 Nc6 4. g3 g6 5. Bg2 Bg7 6. Nge2 d6 7. d3 O-O 8. O-O
Bd7 9. h3 a6 10. Be3 Rb8 11. a4 b6 12. Kh2 Ne8 13. Qd2 Nc7 14. d4 cxd4 15. Nxd4
Na5 16. Qd3 Ne6 17. Nxe6 fxe6 18. Rab1 Bxc3 19. Qxc3 Bxa4 20. Bh6 Rf7 21. f4
Bb3 22. f5 e5 23. Qc1 e6 24. Bg5 Qd7 25. fxg6 hxg6 26. Bf6 Bxc4 27. Qh6 Rg7 28.
Rf2 Rb7 29. Bf1 Qe8 30. Bxg7 Rxg7 31. Rf6 Qa4 32. Rc1 Qb3 33. Rxg6 Rxg6 34.
Qxg6+ Kf8 35. Qh6+ Ke8 36. Bxc4 Qxb2+ 37. Kh1 Nxc4 38. Qxe6+ Kf8 39. Rf1+ 1-0